000 00210 a2200097 4500
001 37909
100 _aBuffa L
245 _aCracking the TOEFL
260 _aIndia
_bRandom House
_c1998
090 _c24093
_d24093
942 _aNUST-CAE
_cM
_c15662
999 _c272982
_d272982